000 00867nam a2200229 a 4500
001 BRCA_1671
005 20190320203512.0
008 051116s2004 mx-a---##b---s000-0#spa-#
020 _a9709777009
040 _aDLC
_cDLC
050 4 _aNA5257.M4
_b.A77 2004
245 1 0 _aArquitectura religiosa de la Ciudad de México
_bsiglos XVI al XX : una guía
_cJuan B. Artigas ... [et. al.] ; coordinación editorial Armando Ruiz.
260 _aMéxico
_bAsociación del Patrimonio Artístico Mexicano
_c2004
300 _a396 p.
_bil., mapas
_c23 cm.
504 _aBibliografía: p. 317-318
650 1 4 _aIglesia católica
_vGuías
_xEdificios
_zMéxico
_95209
651 4 _aCiudad de México
_vGuías
_xEdificios, estructuras, etc.
_95210
651 4 _aCiudad de México
_vGuías
_95211
700 1 _aArtigas H., Juan B
_93310
700 1 _aRuiz, Armando
_95212
942 _2lcc
_cB
999 _c1466
_d1466